| 000 | 00349cam a2200145ua 4500 | ||
|---|---|---|---|
| 003 | OSt | ||
| 008 | 240326b |||||||| |||| 00| 0 eng d | ||
| 041 | _aeng | ||
| 082 |
_a320.2 _bSCH/ES |
||
| 100 |
_aSchulz, , B. earlust . _96185 |
||
| 245 | _aEssentials of Goverment | ||
| 260 |
_a : _bPrentice hall , _c1961. |
||
| 300 | _a532 ; . | ||
| 942 | _cBK | ||
| 999 |
_c11208 _d11208 |
||